Varsinais-Suomen naapurimaakunnat - Statistics

Yleistilastot
  • Tätä visaa on pelattu 14 kertaa
    8 viimeisimmän päivityksen jälkeen
  • Keskiarvotulos 5 / 5
Vastaustilastot
Maakunta % Oikein
Pirkanmaa
100%
Satakunta
100%
Uusimaa
100%
Kanta-Häme
86%
Ahvenanmaa
71%
Ehtoja vastaavia visoja ei löytynyt
Tulosjakauma
Jokaisen tuloksen saaneiden osuus
Persentiili vastausten määrän mukaan
Tuloshistoriasi
Et ole pelannut tätä visaa sen viimeisimmän päivityksen jälkeen